Goldorak - générique - Statistiques

Statistiques générales
  • Ce quiz a été pris 263 fois
  • Le résultat moyen est 60 sur 98
Statistiques - réponses
Réponse % Correct
A
92%
A
92%
à
92%
Le
88%
de
85%
De
85%
de
85%
De
85%
De
85%
de
85%
la
85%
la
85%
La
85%
la
85%
La
85%
la
85%
les
80%
les
80%
prince
80%
dans
75%
dans
75%
Dans
75%
et
75%
Et
75%
et
75%
Terre
75%
Terre
75%
Actarus
73%
Actarus
73%
Actarus
73%
Goldorak
73%
Il
72%
il
72%
l'espace
72%
notre
68%
notre
68%
planète
68%
bleue
66%
Là-haut
65%
là-haut
65%
Là-haut
65%
là-haut
65%
lumière
65%
lumière
65%
ce
64%
Ce
64%
du
64%
loin
63%
Loin
63%
Très
63%
Entre
62%
Vénus
62%
ciel
60%
encore
60%
des
59%
garde
59%
robot
59%
trace
58%
mille
56%
Se
56%
Dont
55%
rêvait
55%
va
55%
voyait
55%
cent
54%
lieux
54%
temps
53%
bord
51%
chevalier
51%
étoiles
51%
nouveaux
51%
pour
51%
Que
51%
d'acier
50%
légende
50%
merveilleux
50%
raconter
49%
son
49%
Voici
49%
vous
49%
bat
48%
l'on
48%
l'humanité
47%
Véga
44%
guerre
33%
univers
30%
éclata
29%
grande
29%
fut
28%
travers
28%
alors
27%
final
27%
solitaire
26%
ceux
24%
galaxies
24%
l'assaut
24%
s'enfuit
24%
Vaincu
22%
Aucun quiz correspondant
Distribution des résultats
% des personnes avec chaque résultat
Percentile par nombre de réponses
Votre historique - résultats
Vous n’avez pas pris ce quiz